Petit Bac - Cinéma #4 - Statistiques

Statistiques générales
  • Ce quiz a été pris 798 fois
  • Le résultat moyen est 11 sur 26
Statistiques - réponses
Lettre Indice Réponse % Correct
E Cette petite créature téléphone maison. E.T.
92%
A Pays dont le cinéma est mis en danger depuis des mesures sur le budget entreprises par le président Javier Milei. Argentine
81%
X Equipe de super-héros tel que Wolverine, le Fauve ou Cyclope, dont la saga a été initiée par Bryan Singer en 2000 X-Men
79%
K Il n'est pas grand, mais il est vaillant. Kirikou
76%
L Animal mascotte de la Metro-Golden-Meyer Lion
72%
O Film de Stanley Kubrick, jugé extrêmement violent à sa sortie, mettant en scène Alex Delarge. Orange mécanique
69%
F Elles sont huit chez François Ozon, trois chez Robert Altman et de la nuit chez Mizoguchi. Femmes
65%
J Ancien de la troupe du Splendid, nominé à quatre reprises pour un César, notamment pour son rôle dans "Les Choristes". Gérard Jugnot
64%
W Comédie musicale réalisée par Robert Wise, puis par Steven Spielberg, mettant en scène l'affrontement entre les Jets et les Sharks. West Side Story
57%
P On s'en sert pour enregistrer les films en argentique. Pellicule
53%
T Mouvement latéral d'une caméra posée sur rail. Travelling
53%
V Fille aînée des Parr dans "Les Indestructibles". Violette
53%
N Film d'Abel Gance, considéré comme un des plus grands films de l'Histoire, où Albert Dieudonné incarne un empereur, également incarné plus récemment par Joaquin Phoenix. Napoléon
50%
I Perroquet de Jafar dans "Aladdin", partageant son nom avec un personnage de la pièce "Othello". Iago
37%
R Méchant de la saga de jeu vidéo "Metroïd", dont le nom est tiré du prénom du réalisateur des films "Alien" et "Blade Runner" Ridley
35%
Z Film franco-algérien de Costa-Gavras, remportant l'Oscar du meilleur film international en 1970. Z
32%
B Acteur, connu notamment pour ses rôles dans "Casablanca", "Le faucon maltais" et "Le trésor de la Sierra Madre", considéré par l'American Film Institute comme le meilleur acteur de l'histoire. Humphrey Bogart
26%
Q Film mélangeant animation et prises de vue réelles, où se rencontrent Mickey Mouse et Bugs Bunny. Qui veut la peau de Roger Rabbit ?
23%
H Film où l'on peut entendre Arletty prononcer la réplique "Atmosphère, atmosphère, est-ce que j'ai une gueule d'atmosphère ?" Hôtel du Nord
16%
S Ce que sont les fraises dans le titre d'un film d'Ingmar Bergman. Sauvages
15%
G Première réalisatrice de l'histoire, à l'origine de films comme "La fée aux choux" ou "Les résultats du féminisme". Alice Guy
14%
M Compositeur, venant de Broadway et connu pour des comédies musicales comme "Hamilton", ayant réalisé comme premier long-métrage le nominé aux Oscars "Tick Tick Boom". Lin-Manuel Miranda
11%
Y Réalisateur phare de la Nouvelle Vague taïwanaise avec des films comme "Yi Yi" ou "Taipei Story". Edward Yang
10%
D Code esthétique développé par les réalisateurs danois Lars von Trier et Thomas Vinterberg lorsqu'ils étaient alcoolisés, ayant donné lieu à une cinquantaine de films. Dogme 95
8%
U Boîte de production américaine fondée par Griffith, Chaplin, Fairbanks et Pickford, ayant fait faillite en 2010. United Artists
8%
C Il s'est échappé dans ce film de Robert Bresson, sorti en 1956. Condamné à mort
7%
Aucun quiz correspondant
Distribution des résultats
% des personnes avec chaque résultat
Percentile par nombre de réponses
Votre historique - résultats
Vous n’avez pas pris ce quiz